00269nam a2200109Ia 4500008004100000041001200041082001100053100002300064245004900087260001600136650000700152221030s9999 xx 000 0 und d aEnglish a105.23 aCharanjeet Singh/2 0aSATELLITE LAUNCH TECHNOLOGY AND APPLICATIONS aJammuc1999 aEE